000 00313nam a22001337a 4500
020 _a978-0-470-51312-5
041 _aENG
100 _aVertes .A.A
245 _aBiomass To Biofuels Strategies For Global Industries
260 _aDelhi
_bWiley
_c2010
300 _a559
650 _aEOES
856 _uEOES ( 39 )
999 _c1306
_d1306